=LDR 00000nam 2200000 4500 =001 INLIS000000000001342 =005 20130612085741 =008 ***********************************Ind** =035 ##$$0010-061300000001342 =041 ##$$a Ind =082 ##$$a 813.085 =090 ##$$a 813.085, Ran-i =100 ##$$a RANI, Supratman Abdul =245 ##$$a Ikhtisar roman Indonesia, memuat 50 roman dan novel pilihan untuk siswa SLTP, SMU, Mahasiswa dan Umum, Drs. Supratman Abdul Rani =260 ##$$a 1996 $b Bandung =300 ##$$a 160 hlm, 21 cm =650 ##$$a Roman - Indonesia =850 ##$$a NBPNMAT